Prose and Poetry Journeys (Record no. 2898)

MARC details
000 -LEADER
fixed length control field 00299nam a22001337a 4500
008 - FIXED-LENGTH DATA ELEMENTS--GENERAL INFORMATION
fixed length control field 250407b |||||||| |||| 00| 0 eng d
020 ## - INTERNATIONAL STANDARD BOOK NUMBER
ISBN NIL
100 ## - MAIN ENTRY--AUTHOR
Author B.A MARGRET, R.
245 ## - TITLE STATEMENT
Title Prose and Poetry Journeys
260 ## - PUBLICATION, DISTRIBUTION, ETC. (IMPRINT)
Place of publication NIL
Name of publisher NIL
Date of publication 1939
300 ## - COLLATION
Pagination NIL
942 ## - ADDED ENTRY ELEMENTS (KOHA)
Item type Books
050 ## - LIBRARY OF CONGRESS CALL NUMBER
Classification number PN1042
Item number .P76
Holdings
Source of classification or shelving scheme Not for loan Permanent location Current location Date acquired Accession No. Full call number Barcode. Koha item type
Library of Congress Classification   Samuel Ogbemudia Main Library, University of Abuja Samuel Ogbemudia Main Library, University of Abuja 04/07/2025 2006-30290 PN1042.P76 2025-1238 Books